Normal view
MARC view
Entry Uniform Title
001 - CONTROL NUMBER
- control field: 2494
003 - CONTROL NUMBER IDENTIFIER
- control field: NUST
005 - DATE AND TIME OF LATEST TRANSACTION
- control field: 20170613104855.0
008 - FIXED-LENGTH DATA ELEMENTS
- fixed length control field: 170613|| aca||aabn | a|a d
040 ## - CATALOGING SOURCE
- Original cataloging agency: NUST
- Transcribing agency: NUST
130 ## - HEADING--UNIFORM TITLE
- Uniform title:
- Form subdivision: Volume III
670 ## - SOURCE DATA FOUND
- Source citation: Work cat.: (NUST)23692: Klaus A.Hoffmann Steven T. Chiang 2488, Computational Fluid Dynamics Vol-III, c.2000
